The Electric Car : (Record no. 4359)
[ view plain ]
| 000 -LEADER | |
|---|---|
| fixed length control field | 01263nac a22002771u 4500 |
| 008 - FIXED-LENGTH DATA ELEMENTS--GENERAL INFORMATION | |
| fixed length control field | 100915t xxu||||| |||| 00| 0 eng d |
| 010 ## - LIBRARY OF CONGRESS CONTROL NUMBER | |
| LC control number | 2003389152 |
| 020 ## - INTERNATIONAL STANDARD BOOK NUMBER | |
| International Standard Book Number | 0852960131 |
| 035 ## - SYSTEM CONTROL NUMBER | |
| System control number | (OCoLC)ocm47193979 |
| 082 00 - DEWEY DECIMAL CLASSIFICATION NUMBER | |
| Classification number | 629.2293 |
| Item number | WES |
| 100 ## - MAIN ENTRY--PERSONAL NAME | |
| Personal name | Westbrook, M. H. |
| 9 (RLIN) | 19209 |
| 245 14 - TITLE STATEMENT | |
| Title | The Electric Car : |
| Remainder of title | Development and Future of Battery, Hybrid, and Fuel-cell Cars / |
| Statement of responsibility, etc | Michael H. Westbrook. |
| 260 ## - PUBLICATION, DISTRIBUTION, ETC. (IMPRINT) | |
| Place of publication, distribution, etc | London : |
| Name of publisher, distributor, etc | Institution of Electrical Engineers; |
| Place of publication, distribution, etc | Warrendale, PA : |
| Name of publisher, distributor, etc | Society of Automotive Engineers, |
| Date of publication, distribution, etc | [2001] |
| 300 ## - PHYSICAL DESCRIPTION | |
| Extent | xvi, 198 p. : |
| Other physical details | ill. ; |
| Dimensions | 24 cm. |
| 440 #0 - | |
| -- | 38 |
| -- | 19210 |
| 490 ## - Series Statement | |
| -- | 19208 |
| Series statement | IEE power and energy series ; |
| -- | 38 |
| 500 ## - GENERAL NOTE | |
| General note | Co-published by the Society of Automotive Engineers. |
| 504 ## - BIBLIOGRAPHY, ETC. NOTE | |
| Bibliography, etc | Includes bibliographical references and index. |
| 650 #0 - SUBJECT ADDED ENTRY--TOPICAL TERM | |
| Topical term or geographic name as entry element | Electric automobiles |
| General subdivision | Batteries. |
| 9 (RLIN) | 19211 |
| 650 #0 - SUBJECT ADDED ENTRY--TOPICAL TERM | |
| Topical term or geographic name as entry element | Electric automobiles |
| General subdivision | History. |
| 9 (RLIN) | 19212 |
| 650 #0 - SUBJECT ADDED ENTRY--TOPICAL TERM | |
| Topical term or geographic name as entry element | Hybrid electric cars. |
| 9 (RLIN) | 19213 |
| 710 2# - ADDED ENTRY--CORPORATE NAME | |
| Corporate name or jurisdiction name as entry element | Institution of Electrical Engineers. |
| 9 (RLIN) | 19214 |
| 710 2# - ADDED ENTRY--CORPORATE NAME | |
| Corporate name or jurisdiction name as entry element | Society of Automotive Engineers. |
| 9 (RLIN) | 19215 |
| 942 ## - ADDED ENTRY ELEMENTS (KOHA) | |
| Item type | Book - Borrowing |
| Call number prefix | 629.2293WES |
| Source of classification or shelving scheme | Dewey Decimal Classification |
| Withdrawn status | Item status | Source of classification or shelving scheme | Damaged status | Not for loan | Vendor | Home library | Current library | Shelving location | Date acquired | Source of acquisition | Total Checkouts | Total Renewals | Full call number | Barcode | Date last seen | Date last borrowed | Koha item type |
|---|---|---|---|---|---|---|---|---|---|---|---|---|---|---|---|---|---|
| Dewey Decimal Classification | Central Library | Central Library | First floor | 15/09/2010 | 3 | 7 | 629.2293 WES | 000005175 | 15/07/2025 | 03/11/2021 | Book - Borrowing |